• 首页
  • 本馆介绍
  • 公告通知
  • 最新文献
  • 馆藏检索
  • 电子资源
  • 读者荐购
  • 参考咨询
  • CALIS
  • 我的图书馆
  • 登录
  • 详细信息显示
  • 放入我的书架
  • 预约/预借图书
  • 作者相关作品
  • 分类相关作品
  • 丛书相关作品
  • 出版社相关作品

书目信息

  • 表格格式
  • 工作单格式
  • 卡片格式
题名:
中国城市主义
    
 
作者: 张在元 著
分册:  
出版信息: 北京   中国建筑工业出版社  2010.12
页数: 184页
开本: 26cm
丛书名:
单 册:
中图分类: TU98
科图分类:
主题词: 城市建设--Cheng shi jian she--中国--文集
电子资源:
ISBN: 978-7-112-12199-1
 
 
 
 
 
000 00914nam0 2200253 450
001 296090
005 20110722185732.65
010    @a978-7-112-12199-1@dCNY69.00
100    @a20110105d2010 ekmy0chiy50 ea
101 0  @achi
102    @aCN@b110000
105    @aa z 000yy
106    @ar
200 1  @a中国城市主义@Azhong guo cheng shi zhu yi@d= China urbanism@f张在元著@zeng
210    @a北京@c中国建筑工业出版社@d2010.12
215    @a184页@c彩图@d26cm
330    @a本书是原武汉大学城市设计学院院长、教授、博士生导师张在元先生对中国城市发展历程所作的思考与评述,共由29篇随笔组成。全书内容包括先驱革命者的城市思想,全球化时代的中国城市战略,东西方城市与建筑文化冲突,和谐社会与宜居城市等。
510 1  @aChina urbanism@zeng
586    @a
606 0  @a城市建设@ACheng shi jian she@y中国@j文集
690    @aTU98@v5
701  0 @a张在元@Azhang zai yuan@4著
801  0 @aCN@c20110610
905    @dTU98@eZ240
    
    中国城市主义= China urbanism/张在元著.-北京:中国建筑工业出版社,2010.12
    184页:彩图;26cm
    
    
    ISBN 978-7-112-12199-1:CNY69.00
    本书是原武汉大学城市设计学院院长、教授、博士生导师张在元先生对中国城市发展历程所作的思考与评述,共由29篇随笔组成。全书内容包括先驱革命者的城市思想,全球化时代的中国城市战略,东西方城市与建筑文化冲突,和谐社会与宜居城市等。
●
相关链接 在E读中查询图书 在当当中查询图书 在豆瓣中查询图书


正题名:中国城市主义     索取号:TU98/Z240         预约/预借

序号 登录号 条形码 馆藏地/架位号 状态 备注
1 887641   208876411   建筑库201/201建筑库 58排6列4层/ [索取号:TU98/Z240] 在馆    
2 887642   208876420   建筑库201/201建筑库 58排6列4层/ [索取号:TU98/Z240] 在馆    
3 887643   208876439   建筑库201/101建筑库 84排3列1层/ [索取号:TU98/Z240] 在馆    
4 887644   208876448   建筑与城市规划学院资料室/101建筑库 84排3列1层/ [索取号:TU98/Z240] 在馆    
5 887645   208876457   建筑与城市规划学院资料室/101建筑库 84排3列1层/ [索取号:TU98/Z240] 在馆    
河南城建学院图书馆 欢迎您!
大连网信软件有限公司© 版权所有